【JetPunkで学ぶ】日本の省・庁・委員会 - Statistics

General Stats
  • This quiz has been taken 519 times
  • The average score is 17 of 42
Answer Stats
省・委員会 庁・委員会(省) % Correct
国土交通省
87%
文部科学省
86%
財務省
83%
総務省
77%
厚生労働省
77%
農林水産省
77%
外務省
75%
防衛省
75%
経済産業省
74%
環境省
65%
法務省
59%
文部科学省 スポーツ庁
58%
内閣府 国家公安委員会 警察庁
57%
国土交通省 気象庁
50%
国家公安委員会
47%
内閣府 こども家庭庁
46%
内閣府 宮内庁
42%
内閣府 金融庁
42%
復興庁
39%
総務省 消防庁
39%
文部科学省 文化庁
39%
デジタル庁
36%
農林水産省 林野庁
36%
内閣府 公正取引委員会
35%
農林水産省 水産庁
33%
国土交通省 海上保安庁
33%
内閣府 消費者庁
32%
財務省 国税庁
29%
国土交通省 観光庁
27%
経済産業省 特許庁
23%
国土交通省 運輸安全委員会
23%
防衛省 防衛装備庁
22%
経済産業省 資源エネルギー庁
21%
環境省 原子力規制委員会
19%
経済産業省 中小企業庁
14%
法務省 公安調査庁
11%
法務省 出入国在留管理庁
9%
内閣府 カジノ管理委員会
6%
総務省 公害等調整委員会
6%
内閣府 個人情報保護委員会
5%
厚生労働省 中央労働委員会
5%
法務省 公安審査委員会
4%
No matching quizzes found
Score Distribution
Percent of People with Each Score
Percentile by Number Answered
Your Score History
You have not taken this quiz